Tenggelamnya kapal Van Der Wijck

Bibliographic Details
Main Author: Hamka
Format: Book
Published: Selangor : Pustaka Dini , 2006
Subjects:

MARC

LEADER 00000cam a2200000 7i4500
001 0000014285
005 20080226.0
008 080226
020 |a 983942243x 
090 0 0 |a 899.2405   |b HAM 
100 0 |a Hamka 
245 1 0 |a Tenggelamnya kapal Van Der Wijck   |c Hamka 
260 |a Selangor :   |b Pustaka Dini ,   |c 2006 
650 0 |a Indonesian,fiction 
999 |a 0001007144   |b Book   |c Adult Collection   |e Perbadanan Perpustakaan Awam Johor 
999 |a 0001007146   |b Book   |c Adult Collection   |e Perbadanan Perpustakaan Awam Johor